Normal view
MARC view
- Feigenbaum, Edward A
Entry Personal Name
001 - CONTROL NUMBER
- control field: 109122
003 - CONTROL NUMBER IDENTIFIER
- control field: NUST
005 - DATE AND TIME OF LATEST TRANSACTION
- control field: 20230216101258.0
008 - FIXED-LENGTH DATA ELEMENTS
- fixed length control field: 230216|| aca||aabn | a|a d
040 ## - CATALOGING SOURCE
- Original cataloging agency: NUST
- Transcribing agency: NUST
100 ## - HEADING--PERSONAL NAME
- Personal name: Feigenbaum, Edward A
670 ## - SOURCE DATA FOUND
- Source citation: Work cat.: (NUST)179554: The Handbook of artificial intelligence /, c1981-<c1989 >
